Gestión y formulación de proyectos bajo la metodología de FISE
Presenta la formulación de proyectos relacionados para la presentación de la práctica profesional, iniciando el proceso en coordinación entre UNI - FISE - ALCALDÍA, se realiza la identificación de proyectos a nivel de perfil describiéndose la información general y las características socioe...
| Main Author: | |
|---|---|
| Other Authors: | |
| Format: | Tesis Section = Libro |
| Language: | Undetermined Spanish |
| Published: |
Managua
UNI
2011
|
| Subjects: |
| LEADER | 01125nam a2200241Ia 4500 | ||
|---|---|---|---|
| 008 | 240830s9999 xx 000 0 und d | ||
| 040 | |a BIBLIOTECA-RUSB/ Mon 658.404 F676 | ||
| 041 | |a spa | ||
| 082 | |a Mon 658.404 F676 | ||
| 100 | 1 | |a Fonseca Caldera, Gloria Raquel | |
| 245 | 1 | 0 | |a Gestión y formulación de proyectos bajo la metodología de FISE |
| 260 | |a Managua |b UNI |c 2011 | ||
| 300 | |a 84 p. :il. | ||
| 500 | |a Informe de práctica profesional supervisada | ||
| 502 | |a Tesis (Arquitecto) - UNI, 2011. | ||
| 520 | 3 | |a Presenta la formulación de proyectos relacionados para la presentación de la práctica profesional, iniciando el proceso en coordinación entre UNI - FISE - ALCALDÍA, se realiza la identificación de proyectos a nivel de perfil describiéndose la información general y las características socioeconómicas y técnicas del área de influencia. | |
| 650 | 7 | |a ADMINISTRACIÓN DE PROYECTOS | |
| 650 | 7 | |b FORMULACIÓN DE PROYECTOS | |
| 650 | 7 | |c ESTUDIO DE PREFACTIBILIDAD | |
| 700 | 1 | |a Tutor: |b Guevara Chamorro, Cristian Alejandro | |
| 942 | |c BK |2 ddc | ||
| 991 | |a TESIS | ||
| 999 | |c 20600 | ||